000 00616nam a22002297a 4500
003 UA-OsUOA
001 89602
007 ta
008 20121107b un ||||| |||| 00| 0 ukr d
100 _aІвашкевич Я.
090 _a821.161.2
_bІ - 24
942 _cBK
040 _aUA-OsUOA
_bukr
_cUA-OsUOA
_dUA-OsUOA
245 _aЧесть і слава
_bроман у 3-х томах
_c2
300 _a396 с.
955 _a3
041 _aukr
080 _a821.161.2
260 _aК.
_bДніпро
_c1966
650 7 _a82 Література. Літературознавство
_2UDC
999 _c375902
_d375902